000 01322nam a22003737i 4500
003 EG-GICUC
005 20260513210320.0
008 260513s1979 mnu||||fr|||| 00| 0 eng d
020 _a 0829920412
040 _aEG-GiCUC
_beng
_cEG-GiCUC
_dEG-GiCUC
_erda
041 0 _aeng
_heng
082 0 4 _221
_a343
_bBL.B
092 0 4 _221
099 _aLaw1 10 343 BL.B 5 ed - 1979
100 1 _a Black, Henry Campbell,
_eAuthor.
245 1 0 _a Black's law dictionary :
_b definitions of the terms and phrases of American and English jurisprudence, ancient and modern /
_cby Henry Campbell Black.
250 _aFifth edition.
264 _aSt. Paul, Minn. :
_bWest Publishing Co.,
_c1979.
300 _a1511 pages :
_billustrations,
_c24 cm
336 _2rda content
_atext
337 _2rda media
_aComputer
338 _2rda carrier
_aOnline Resource
500 _a First edition published in 1891 under the title: A dictionary of law.
504 _aBibliography: pages 200-250.
546 _aText in English
650 1 _aLaw dictionaries.
_2qrmak
651 1 _2qrmak
700 1 _aNolan, Joseph R.
_eContributor
700 1 _aConnolly, Michael J.
_eContributor
710 2 _a West Publishing Company.
856 4 0 _uhttps://fll.law.cu.edu.eg/fulltext/bks/B10-11385.pdf
905 _a44
942 _2ddc
_cBK
_e21
_n0
999 _c76846
_d76846